<?xml version="1.0" encoding="UTF-8"?>
<collection xmlns="http://www.loc.gov/MARC21/slim">
  <record>
    <leader>00000nam  2200000   4500</leader>
    <controlfield tag="001">INLIS000000000018528</controlfield>
    <controlfield tag="005">20241121101813</controlfield>
    <datafield tag="035" ind1="#" ind2="#">
      <subfield code="a">0010-1124000194</subfield>
    </datafield>
    <controlfield tag="007">ta</controlfield>
    <controlfield tag="008">241121###########################0######</controlfield>
    <datafield tag="245" ind1="#" ind2="#">
      <subfield code="a">Increasing Student's Egangement &amp; Enthusiasm In Class By Using Kahoot &amp; Quizizz /</subfield>
      <subfield code="c">Andi Mawaddah Zakiyah, M.HUT.</subfield>
    </datafield>
    <datafield tag="260" ind1="#" ind2="#">
      <subfield code="a">Makassar :</subfield>
      <subfield code="b">Puslatbang KMP RI LAN Makassar,</subfield>
      <subfield code="c">2024</subfield>
    </datafield>
    <datafield tag="300" ind1="#" ind2="#">
      <subfield code="a">38 ;</subfield>
      <subfield code="c">30</subfield>
    </datafield>
    <datafield tag="650" ind1="#" ind2="4">
      <subfield code="a">Optimalisasi Pemanfaatan media digital dalam proses belajar mengajar di program studi kehutanan universitas sulawesi barat melalui aplikasi kahoot dan quizizz berbaisis bahasa asing</subfield>
    </datafield>
    <datafield tag="700" ind1=" " ind2="#">
      <subfield code="a">Muhammad Arafat Abdullah, S.Si (Mentor)</subfield>
    </datafield>
    <datafield tag="700" ind1=" " ind2="#">
      <subfield code="a">Fajar Lingga Prasetya, S.AB (Coach)</subfield>
    </datafield>
    <datafield tag="520" ind1="#" ind2="#">
      <subfield code="a">Demi mewujudkan Pegawai Negeri Sipil sebagai pelayan masyarakat yang mempunyai peranan penting dalam proses pelayanan publik dalam masyarakat diperlukan desain pelatihan yang adaptif, dinamis, fleksibel, dan responsif bagi Calon Pegawai Negeri Sipil sebagai awal pembentukan karakter Pegawai Negeri Sipil dan penguatan kompetensi sesuai tuntutan jabatannya melalui penyelenggaraan pelatihan modern yang memaksimalkan pemanfaatan teknologi informasi dan komunikasi dikombinasikan dengan pembelajaran klasikal yang terintegrasi secara nasional dalam sistem informasi pengembangan kompetensi Aparatur Sipil Negara yang telah dikembangkan oleh&#13;
&#13;
Lembaga Administrasi Negara..&#13;
&#13;
Kegiatan aktualisasi dilaksanakan untuk mengaktualisasikan nilai- nilai dasar PNS yaitu Ber-AKHLAK (Berorientasi Pelayanan, Akuntabel, Kompeten, Harmonis, Loyal, Adaptif dan Kolaboratif) serta menerapkan Manajemen ASN yakni fungsi, kewajiban dan kode etik serta SMART ASN dalam menjalankan tugas sebagai Aparatur Sipil Negara. Gagasan pemecahan isi dalam aktualisasi ini adalah "Optimalisasi Pemanfaatan Media Digital dalam Proses Belajar Mengajar di Program Studi Kehutanan Universitas Sulawesi Barat Melalui Aplikasi Kahoot dan Quizizz Berbasis Bahasa Asing" dengan judul "Increasing Student's Egangement &amp; Anthusiasm in Class by Using Kahoot &amp; Quizizz".&#13;
&#13;
Selama melaksanakan kegiatan aktualisasi diperoleh pengetahuan mahasiswa terkait penggunaan media digital di dalam belajar seperti Kahoot dan Quizizz masih sangat minim. Setelah diperkenalkan media tersebut, 100% mahasiswa menyatakan senang menggunakan aplikasi Kahoot dan Quizizz di dalam kelas terlebih ketika dielaborasi dengan Project Based Learning.</subfield>
    </datafield>
    <datafield tag="856" ind1="#" ind2="#">
      <subfield code="a">PUSLATBANG KMP LAN RI Makassar</subfield>
    </datafield>
  </record>
</collection>
